| 000 | 00542nam a2200193Ia 4500 | ||
|---|---|---|---|
| 003 | GCL | ||
| 008 | 140319s9999 xx 000 0 eng d | ||
| 040 |
_aGCL / _cGCL |
||
| 082 | 0 | 4 |
_aCC _b722.2 _bJ M |
| 100 | 1 | _aTEQUIER, G. | |
| 245 | 1 | 0 |
_aMANUEL D'ARCHEOLOGIE EGYPTIENNE: LES ELEMENTS DE L'ARCHITECTURE / _cTEQUIER, G. |
| 260 |
_a[S.N] : _bAUGUST HOUSE AND LITTLE ROCK ، _c1924 |
||
| 300 | _a401 P | ||
| 650 | 0 | 4 | _aANCIENT EGYPT |
| 650 | 0 | 4 | _aARCHAEOLOGY |
| 650 | 0 | 4 | _aTEMPLES |
| 650 | 0 | 4 | _aANCIENT ARAB ARCHITECTURE |
| 942 |
_2ddc _cBK |
||
| 999 |
_c11517 _d11517 |
||